[Event "Bundesliga 9596"]
[Site "Deutschland"]
[Date "1996.??.??"]
[Round "?.8"]
[White "Rupp, Markus"]
[Black "Von Naso, Lancelot"]
[Result "1/2-1/2"]
[WhiteElo "2330"]
[BlackElo "2095"]
[PlyCount "34"]
[EventDate "1995.10.??"]
[EventType "team"]
[EventRounds "15"]
[EventCountry "GER"]
[SourceTitle "Bundesliga 9596"]
[Source "DeepChess"]
[SourceDate "2005.01.01"]
[SourceVersion "1"]
[SourceVersionDate "2005.01.01"]
[SourceQuality "1"]
[WhiteTeam "SC 1868 Bamberg e.V."]
[BlackTeam "SV Tuebingen 1870 e.V."]
[WhiteTeamCountry "GER"]
[BlackTeamCountry "GER"]

1. d4 Nf6 2. c4 e6 3. Nc3 c5 4. d5 exd5 5. cxd5 d6 6. e4 g6 7. Bd3 Bg7 8. Nge2
O-O 9. O-O Re8 10. Ng3 Na6 11. h3 Nc7 12. a4 a6 13. f4 b6 14. Qf3 Rb8 15. e5
dxe5 16. fxe5 Nfxd5 17. Qxf7+ Kh8 1/2-1/2

[Event "Bundesliga 9596"]
[Site "Deutschland"]
[Date "1995.??.??"]
[Round "?.2"]
[White "Chandler, Murray G"]
[Black "Piskov, Yury"]
[Result "1-0"]
[WhiteElo "2535"]
[BlackElo "2535"]
[PlyCount "47"]
[EventDate "1995.10.??"]
[EventType "team"]
[EventRounds "15"]
[EventCountry "GER"]
[SourceTitle "Bundesliga 9596"]
[Source "DeepChess"]
[SourceDate "2005.01.01"]
[SourceVersion "1"]
[SourceVersionDate "2005.01.01"]
[SourceQuality "1"]
[WhiteTeam "SG 1868 Aljech. Solingen"]
[BlackTeam "SG Bochum 31"]
[WhiteTeamCountry "GER"]
[BlackTeamCountry "GER"]

1. e4 e6 2. d4 d5 3. Nc3 Nf6 4. Bg5 Bb4 5. exd5 h6 6. Bb5+ c6 7. dxc6 bxc6 8.
Bxf6 Qxf6 9. Be2 O-O 10. a3 Ba5 11. Nf3 c5 12. O-O Bxc3 13. bxc3 Nc6 14. Bd3
Rb8 15. Qe2 Rd8 16. Qe4 Bb7 17. Rab1 Ba8 18. Rxb8 Rxb8 19. Ne5 Nxe5 20. Qh7+
Kf8 21. Qh8+ Ke7 22. Qxb8 Nf3+ 23. gxf3 Qxf3 24. Qc7+ 1-0

[Event "Bundesliga 9596"]
[Site "Deutschland"]
[Date "1995.??.??"]
[Round "?.3"]
[White "Schmittdiel, Eckhard"]
[Black "Bischoff, Klaus"]
[Result "0-1"]
[WhiteElo "2435"]
[BlackElo "2550"]
[PlyCount "74"]
[EventDate "1995.10.??"]
[EventType "team"]
[EventRounds "15"]
[EventCountry "GER"]
[SourceTitle "Bundesliga 9596"]
[Source "DeepChess"]
[SourceDate "2005.01.01"]
[SourceVersion "1"]
[SourceVersionDate "2005.01.01"]
[SourceQuality "1"]
[WhiteTeam "SG Bochum 31"]
[BlackTeam "SG 1868 Aljech. Solingen"]
[WhiteTeamCountry "GER"]
[BlackTeamCountry "GER"]

1. e4 c6 2. d4 d5 3. Nd2 dxe4 4. Nxe4 Bf5 5. Ng3 Bg6 6. Nf3 Nd7 7. h4 h5 8. c3
e6 9. Bf4 Ngf6 10. Qb3 Qb6 11. Ng5 Nd5 12. Bd2 Bd6 13. N5e4 Be7 14. Bd3 e5 15.
dxe5 Nxe5 16. Bc2 Ng4 17. Qxb6 axb6 18. Ke2 O-O-O 19. f3 Ne5 20. f4 Nc4 21. f5
Nxd2 22. Kxd2 Bh7 23. Ke2 g6 24. fxg6 Bxg6 25. Kf3 Kc7 26. Rae1 Rhg8 27. Re2 b5
28. Bb3 Nb6 29. Nf2 Rd7 30. Nge4 Nc4 31. g3 Bxe4+ 32. Nxe4 Rd3+ 33. Kf2 f5 34.
Bc2 fxe4 35. Bxd3 Bc5+ 36. Kg2 exd3 37. Re6 Nxb2 0-1

[Event "Bundesliga 9596"]
[Site "Deutschland"]
[Date "1995.??.??"]
[Round "?.5"]
[White "Sonntag, Hans Hubert"]
[Black "Schaefer, Markus"]
[Result "1/2-1/2"]
[WhiteElo "2415"]
[BlackElo "2455"]
[PlyCount "182"]
[EventDate "1995.10.??"]
[EventType "team"]
[EventRounds "15"]
[EventCountry "GER"]
[SourceTitle "Bundesliga 9596"]
[Source "DeepChess"]
[SourceDate "2005.01.01"]
[SourceVersion "1"]
[SourceVersionDate "2005.01.01"]
[SourceQuality "1"]
[WhiteTeam "SG Bochum 31"]
[BlackTeam "SG 1868 Aljech. Solingen"]
[WhiteTeamCountry "GER"]
[BlackTeamCountry "GER"]

1. d4 Nf6 2. Nf3 g6 3. c4 Bg7 4. Nc3 O-O 5. Bf4 d6 6. h3 c5 7. e3 cxd4 8. exd4
d5 9. Be2 dxc4 10. Bxc4 Nc6 11. O-O Na5 12. Be2 Be6 13. Re1 Rc8 14. Ng5 Bd5 15.
Nxd5 Nxd5 16. Be5 Bh6 17. h4 Nc6 18. Bg4 Ra8 19. Ne6 Qa5 20. Nxf8 Rxf8 21. h5
e6 22. hxg6 hxg6 23. a3 Rd8 24. Qb3 Rd7 25. Rad1 Qd8 26. Qh3 Bg7 27. Qg3 Nde7
28. b4 Nxd4 29. Bxg7 Kxg7 30. Qc3 Kg8 31. Kf1 Rd5 32. Bf3 Nxf3 33. Qxf3 Qd6 34.
Rxd5 Nxd5 35. g3 Kg7 36. Qd3 a6 37. Qd4+ Kg8 38. Rc1 Kf8 39. Rc8+ Ke7 40. Qh4+
Nf6 41. Qc4 Nd5 42. Qd4 Qd7 43. Qh8 g5 44. Kg1 Nc7 45. Qf8+ Kf6 46. Rd8 Qc6 47.
Qh6+ Kf5 48. Qh7+ Kf6 49. Rg8 Qc1+ 50. Kg2 Nb5 51. Qg7+ Ke7 52. a4 Nc7 53. Rf8
Qc6+ 54. Kg1 Qf3 55. Rg8 Qd1+ 56. Kh2 Qh5+ 57. Kg2 Nd5 58. Qe5 Qg4 59. Qxg5+
Qxg5 60. Rxg5 Nxb4 61. a5 Nc6 62. f4 e5 63. Kf3 Ke6 64. fxe5 Nxe5+ 65. Ke4 Nd7
66. Kd4 b6 67. axb6 Nxb6 68. Ra5 Nd7 69. Rxa6+ Kf5 70. Ke3 Ne5 71. Ra4 Kg5 72.
Ra5 f6 73. Ra8 Kf5 74. Rg8 Ng4+ 75. Kf3 Ne5+ 76. Kg2 Ng6 77. Ra8 Kg5 78. Ra5+
Kg4 79. Ra4+ Kg5 80. Kh3 Ne5 81. Ra5 Kf5 82. Kh4 Kg6 83. Ra8 Nf7 84. Kg4 Ne5+
85. Kf4 Nf7 86. Ra6 Ng5 87. Ra8 Nf7 88. Rb8 Nh6 89. Ke4 Nf7 90. Rg8+ Kh7 91.
Rg4 f5+ 1/2-1/2

[Event "Bundesliga 9596"]
[Site "Deutschland"]
[Date "1995.??.??"]
[Round "?.6"]
[White "Reeh, Oliver"]
[Black "Reschke, Stefan"]
[Result "1/2-1/2"]
[WhiteElo "2445"]
[BlackElo "2380"]
[PlyCount "58"]
[EventDate "1995.10.??"]
[EventType "team"]
[EventRounds "15"]
[EventCountry "GER"]
[SourceTitle "Bundesliga 9596"]
[Source "DeepChess"]
[SourceDate "2005.01.01"]
[SourceVersion "1"]
[SourceVersionDate "2005.01.01"]
[SourceQuality "1"]
[WhiteTeam "SG 1868 Aljech. Solingen"]
[BlackTeam "SG Bochum 31"]
[WhiteTeamCountry "GER"]
[BlackTeamCountry "GER"]

1. d4 Nf6 2. c4 g6 3. Nc3 Bg7 4. e4 d6 5. f3 O-O 6. Be3 Nc6 7. Nge2 a6 8. Qd2
Rb8 9. h4 h5 10. Nc1 e5 11. d5 Nd4 12. Nb3 c5 13. dxc6 bxc6 14. Nxd4 exd4 15.
Bxd4 Re8 16. Be2 d5 17. cxd5 Rb4 18. Bc5 Nxe4 19. fxe4 Bxc3 20. Qxc3 Rbxe4 21.
O-O-O Rxe2 22. dxc6 Qc7 23. Rhe1 Bf5 24. Rxe2 Rxe2 25. Bd6 Qb6 26. c7 Qe3+ 27.
Qxe3 Rc2+ 28. Kb1 Rd2+ 29. Kc1 Rc2+ 1/2-1/2

[Event "Bundesliga 9596"]
[Site "Deutschland"]
[Date "1995.??.??"]
[Round "?.7"]
[White "Kassebaum, Roman"]
[Black "Podzielny, Karl Heinz"]
[Result "0-1"]
[WhiteElo "2360"]
[BlackElo "2460"]
[PlyCount "64"]
[EventDate "1995.10.??"]
[EventType "team"]
[EventRounds "15"]
[EventCountry "GER"]
[SourceTitle "Bundesliga 9596"]
[Source "DeepChess"]
[SourceDate "2005.01.01"]
[SourceVersion "1"]
[SourceVersionDate "2005.01.01"]
[SourceQuality "1"]
[WhiteTeam "SG Bochum 31"]
[BlackTeam "SG 1868 Aljech. Solingen"]
[WhiteTeamCountry "GER"]
[BlackTeamCountry "GER"]

1. e4 c5 2. Nf3 e6 3. Nc3 a6 4. g3 Nc6 5. Bg2 Nf6 6. O-O d6 7. d4 cxd4 8. Nxd4
Qc7 9. Be3 Ne5 10. a4 b6 11. Qe2 Bb7 12. Rad1 Be7 13. f4 Nc4 14. Bc1 Rc8 15. g4
h6 16. Kh1 g5 17. b3 Na5 18. fxg5 hxg5 19. Bb2 Rh4 20. Nd5 exd5 21. Nf5 Nxe4
22. Nxh4 gxh4 23. c4 h3 24. Bf3 Nxb3 25. cxd5 Ng5 26. Qe3 Nc5 27. Bf6 Nxf3 28.
Qxf3 Bxf6 29. Qxf6 Qe7 30. Qxe7+ Kxe7 31. Rf4 Nd7 32. Rf3 Bxd5 0-1

[Event "Bundesliga 9596"]
[Site "Deutschland"]
[Date "1995.??.??"]
[Round "?.8"]
[White "Zysk, Robert"]
[Black "Ellers, Holger"]
[Result "1-0"]
[WhiteElo "2440"]
[BlackElo "2360"]
[PlyCount "79"]
[EventDate "1995.10.??"]
[EventType "team"]
[EventRounds "15"]
[EventCountry "GER"]
[SourceTitle "Bundesliga 9596"]
[Source "DeepChess"]
[SourceDate "2005.01.01"]
[SourceVersion "1"]
[SourceVersionDate "2005.01.01"]
[SourceQuality "1"]
[WhiteTeam "SG 1868 Aljech. Solingen"]
[BlackTeam "SG Bochum 31"]
[WhiteTeamCountry "GER"]
[BlackTeamCountry "GER"]

1. Nf3 d5 2. c4 e6 3. g3 Nf6 4. b3 Be7 5. Bg2 O-O 6. O-O a5 7. Nc3 c6 8. d4 Ne4
9. Bb2 f5 10. Ne5 Nd7 11. Nd3 Ndf6 12. Rc1 Nd6 13. Na4 Rb8 14. c5 Nf7 15. Bc3
Ne4 16. Bb2 Ra8 17. f3 Nf6 18. Qd2 Nd7 19. Bc3 Bf6 20. f4 Qe8 21. Ne5 Nfxe5 22.
dxe5 Bd8 23. Bd4 Kh8 24. Rc3 Rg8 25. Kh1 Nf8 26. Nb2 Nd7 27. Nd3 a4 28. b4 b5
29. cxb6 Nxb6 30. Bxb6 Bxb6 31. Rfc1 Ba6 32. Rxc6 Bxd3 33. Qxd3 Ba7 34. e3 Qe7
35. Rc7 Qe8 36. Bf3 Bb6 37. R7c6 Bd8 38. Qd4 Qd7 39. b5 Ra7 40. Rd6 1-0

[Event "Bundesliga 9596"]
[Site "Deutschland"]
[Date "1996.??.??"]
[Round "?.2"]
[White "Jussupow, Artur"]
[Black "Huebner, Robert"]
[Result "1/2-1/2"]
[WhiteElo "2655"]
[BlackElo "2635"]
[PlyCount "97"]
[EventDate "1995.10.??"]
[EventType "team"]
[EventRounds "15"]
[EventCountry "GER"]
[SourceTitle "Bundesliga 9596"]
[Source "DeepChess"]
[SourceDate "2005.01.01"]
[SourceVersion "1"]
[SourceVersionDate "2005.01.01"]
[SourceQuality "1"]
[WhiteTeam "SG 1868 Aljech. Solingen"]
[BlackTeam "SG Porz e.V."]
[WhiteTeamCountry "GER"]
[BlackTeamCountry "GER"]

1. d4 Nf6 2. c4 e6 3. Nc3 Bb4 4. e3 O-O 5. Bd3 d5 6. Nf3 b6 7. O-O Bb7 8. cxd5
exd5 9. a3 Bd6 10. b4 Ne4 11. Nb5 Be7 12. Qc2 Ba6 13. Nc3 Bxd3 14. Qxd3 Nxc3
15. Qxc3 Qd6 16. Bb2 Rc8 17. Rfc1 a6 18. Rc2 Nd7 19. Ne5 b5 20. Qd3 Nb6 21. Rc6
Qd8 22. Qf5 Qe8 23. Rac1 g6 24. Qf3 Bd6 25. Ba1 Qe6 26. h4 f6 27. Nd3 Qe4 28.
Qxe4 dxe4 29. Nc5 f5 30. Nb7 Nc4 31. d5 Rab8 32. Nxd6 cxd6 33. Rxa6 Ra8 34. Rc6
Kf7 35. Bd4 Rxc6 36. dxc6 d5 37. Bc5 Ke6 38. c7 Kd7 39. Rd1 Kc6 40. f3 exf3 41.
gxf3 Kxc7 42. Rxd5 Kc6 43. Rd1 Rxa3 44. Kf2 Ne5 45. Rd6+ Kc7 46. Rd5 Nd3+ 47.
Ke2 Nc1+ 48. Kf2 Nd3+ 49. Ke2 1/2-1/2

[Event "Bundesliga 9596"]
[Site "Deutschland"]
[Date "1996.??.??"]
[Round "?.3"]
[White "Christiansen, Larry Mark"]
[Black "Gabriel, Christian"]
[Result "1/2-1/2"]
[WhiteElo "2580"]
[BlackElo "2510"]
[PlyCount "158"]
[EventDate "1995.10.??"]
[EventType "team"]
[EventRounds "15"]
[EventCountry "GER"]
[SourceTitle "Bundesliga 9596"]
[Source "DeepChess"]
[SourceDate "2005.01.01"]
[SourceVersion "1"]
[SourceVersionDate "2005.01.01"]
[SourceQuality "1"]
[WhiteTeam "SG Porz e.V."]
[BlackTeam "SG 1868 Aljech. Solingen"]
[WhiteTeamCountry "GER"]
[BlackTeamCountry "GER"]

1. c4 e6 2. Nc3 d5 3. d4 Nf6 4. cxd5 exd5 5. Bg5 c6 6. e3 Be7 7. Bd3 Nbd7 8.
Qc2 O-O 9. Nge2 Re8 10. O-O Nf8 11. Rae1 Nh5 12. Bxe7 Qxe7 13. a3 Qh4 14. Ng3
Nxg3 15. hxg3 Qe7 16. f3 Be6 17. g4 Rac8 18. Qf2 Bd7 19. Qg3 Qg5 20. Kf2 c5 21.
dxc5 Rxc5 22. Rh1 g6 23. Qh4 Qe5 24. g5 Rec8 25. Rd1 b6 26. Be2 Rxc3 27. bxc3
Rxc3 28. Qd4 Qxd4 29. Rxd4 Bc6 30. Rd3 Rc2 31. Rhd1 Ne6 32. R3d2 Rc3 33. Ra1
Nxg5 34. a4 Ne6 35. a5 Nc5 36. axb6 axb6 37. Rb2 Ne6 38. Rd1 h5 39. Rxb6 Rc2
40. Ke1 d4 41. Bd3 Rc3 42. exd4 Nf4 43. Bf1 Bd5 44. Kd2 Ra3 45. Rc1 h4 46. Rd6
Kg7 47. Rc5 Ra1 48. Ke3 h3 49. gxh3 Rxf1 50. Kxf4 Rxf3+ 51. Kg4 Be4 52. Re5 f5+
53. Kh4 Rf2 54. Kg5 Rg2+ 55. Kf4 Rf2+ 56. Ke3 Rf3+ 57. Ke2 Rxh3 58. Ree6 Bd3+
59. Kf2 f4 60. d5 Bf5 61. Re5 Bg4 62. Re4 Rf3+ 63. Ke1 Bf5 64. Rd4 Kf7 65. Rb6
Rd3 66. Rxd3 Bxd3 67. Re6 Bf5 68. Re2 Bg4 69. Re4 Bf5 70. Rxf4 Kf6 71. d6 Ke6
72. Rd4 Kd7 73. Kf2 g5 74. Ke3 Kc6 75. Rd1 Kd7 76. Rd4 Kc6 77. Kd2 Bd7 78. Kd3
Bf5+ 79. Ke3 Kd7 1/2-1/2

[Event "Bundesliga 9596"]
[Site "Deutschland"]
[Date "1996.??.??"]
[Round "?.5"]
[White "Stangl, Markus"]
[Black "Bischoff, Klaus"]
[Result "1/2-1/2"]
[WhiteElo "2565"]
[BlackElo "2520"]
[PlyCount "87"]
[EventDate "1995.10.??"]
[EventType "team"]
[EventRounds "15"]
[EventCountry "GER"]
[SourceTitle "Bundesliga 9596"]
[Source "DeepChess"]
[SourceDate "2005.01.01"]
[SourceVersion "1"]
[SourceVersionDate "2005.01.01"]
[SourceQuality "1"]
[WhiteTeam "SG Porz e.V."]
[BlackTeam "SG 1868 Aljech. Solingen"]
[WhiteTeamCountry "GER"]
[BlackTeamCountry "GER"]

1. c4 e6 2. g3 Nf6 3. Bg2 d5 4. Nf3 Be7 5. O-O O-O 6. d4 Nc6 7. b3 a5 8. Nc3
Ne4 9. Bb2 f5 10. Rc1 Bf6 11. e3 Ne7 12. Ne5 c6 13. Na4 Bxe5 14. dxe5 b6 15. f3
Ng5 16. Qd2 h6 17. h4 Nf7 18. cxd5 cxd5 19. Bd4 Rb8 20. Rc2 Ba6 21. Rfc1 Rb7
22. f4 Bb5 23. Rc3 Qb8 24. Qc2 Nd8 25. Bf1 Bxf1 26. Kxf1 Rf7 27. Qe2 b5 28. Nb2
Qa8 29. Rc7 b4 30. Na4 Rxc7 31. Rxc7 Nec6 32. Rxf7 Nxf7 33. Qb5 Qc8 34. Nc5
Nfd8 35. Kf2 Qc7 36. Qa6 Kf7 37. Qe2 Kg8 38. Qa6 Kf7 39. Qb5 Kg8 40. Qe2 Kf8
41. Qc2 Ne7 42. Qd3 Qc6 43. Qe2 Nb7 44. Nxb7 1/2-1/2

[Event "Bundesliga 9596"]
[Site "Deutschland"]
[Date "1996.??.??"]
[Round "?.6"]
[White "Lau, Ralf"]
[Black "Hickl, Joerg"]
[Result "1/2-1/2"]
[WhiteElo "2495"]
[BlackElo "2580"]
[PlyCount "41"]
[EventDate "1995.10.??"]
[EventType "team"]
[EventRounds "15"]
[EventCountry "GER"]
[SourceTitle "Bundesliga 9596"]
[Source "DeepChess"]
[SourceDate "2005.01.01"]
[SourceVersion "1"]
[SourceVersionDate "2005.01.01"]
[SourceQuality "1"]
[WhiteTeam "SG 1868 Aljech. Solingen"]
[BlackTeam "SG Porz e.V."]
[WhiteTeamCountry "GER"]
[BlackTeamCountry "GER"]

1. e4 g6 2. d4 d6 3. Nc3 c6 4. Be3 Nf6 5. h3 Nbd7 6. Nf3 Bg7 7. a4 O-O 8. a5
Qc7 9. Bd3 e5 10. O-O Re8 11. dxe5 Nxe5 12. Nxe5 dxe5 13. Na4 Nd7 14. Qd2 Nf8
15. b4 Ne6 16. c3 Rd8 17. Rfd1 Bf6 18. Qe1 Bg5 19. Bf1 Bxe3 20. Qxe3 Bd7 21. g3
1/2-1/2

[Event "Bundesliga 9596"]
[Site "Deutschland"]
[Date "1996.??.??"]
[Round "?.1"]
[White "Jussupow, Artur"]
[Black "Ribli, Zoltan"]
[Result "1/2-1/2"]
[WhiteElo "2655"]
[BlackElo "2590"]
[PlyCount "65"]
[EventDate "1995.10.??"]
[EventType "team"]
[EventRounds "15"]
[EventCountry "GER"]
[SourceTitle "Bundesliga 9596"]
[Source "DeepChess"]
[SourceDate "2005.01.01"]
[SourceVersion "1"]
[SourceVersionDate "2005.01.01"]
[SourceQuality "1"]
[WhiteTeam "SG 1868 Aljech. Solingen"]
[BlackTeam "SK Passau 1869"]
[WhiteTeamCountry "GER"]
[BlackTeamCountry "GER"]

1. d4 d5 2. c4 c6 3. Nc3 Nf6 4. e3 e6 5. b3 Nbd7 6. Bb2 Bd6 7. Nf3 O-O 8. Bd3
e5 9. cxd5 cxd5 10. dxe5 Nxe5 11. Be2 Be6 12. O-O a6 13. Nxe5 Bxe5 14. Na4 Bxb2
15. Nxb2 Rc8 16. Qd4 Qa5 17. Nd3 Rc2 18. Nf4 Rd2 19. Bd3 Bf5 20. Rfd1 Rxd1+ 21.
Rxd1 Bxd3 22. Qxd3 Qxa2 23. Nxd5 Nxd5 24. Qxd5 Qc2 25. h4 h6 26. Rd4 Qc7 27. g3
Re8 28. Qd7 Qxd7 29. Rxd7 b5 30. Ra7 Re6 31. h5 Kf8 32. Kg2 Rc6 33. g4 1/2-1/2

[Event "Bundesliga 9596"]
[Site "Deutschland"]
[Date "1996.??.??"]
[Round "?.3"]
[White "Chandler, Murray G"]
[Black "Schlosser, Philipp"]
[Result "0-1"]
[WhiteElo "2535"]
[BlackElo "2540"]
[PlyCount "96"]
[EventDate "1995.10.??"]
[EventType "team"]
[EventRounds "15"]
[EventCountry "GER"]
[SourceTitle "Bundesliga 9596"]
[Source "DeepChess"]
[SourceDate "2005.01.01"]
[SourceVersion "1"]
[SourceVersionDate "2005.01.01"]
[SourceQuality "1"]
[WhiteTeam "SG 1868 Aljech. Solingen"]
[BlackTeam "SK Passau 1869"]
[WhiteTeamCountry "GER"]
[BlackTeamCountry "GER"]

1. e4 c5 2. Nf3 d6 3. d4 cxd4 4. Nxd4 Nf6 5. Nc3 a6 6. Be2 e6 7. O-O Qc7 8. a4
b6 9. f4 Bb7 10. Bf3 Nbd7 11. Kh1 Be7 12. Qe1 O-O 13. e5 Ne8 14. Qg3 Rc8 15.
Bd2 Bxf3 16. Nxf3 Qb7 17. Rad1 Kh8 18. Be3 b5 19. axb5 axb5 20. Nd4 b4 21. Ncb5
dxe5 22. fxe5 Rc5 23. Nd6 Bxd6 24. exd6 Rd5 25. Bg5 Qa6 26. Be7 Rxd4 27. Bxf8
Nxf8 28. Qf2 Rxd1 29. Rxd1 Nf6 30. Qf3 N8d7 31. h3 Kg8 32. c3 bxc3 33. Qxc3 h5
34. b4 Nd5 35. Qg3 Qc4 36. Qg5 N7f6 37. Rc1 Qa6 38. d7 Nxd7 39. Qd8+ Nf8 40.
Rc8 Qf1+ 41. Kh2 Qf4+ 42. Kh1 Qxb4 43. Qg5 h4 44. Ra8 f6 45. Qc1 Kh7 46. Qd1
Ne3 47. Qh5+ Kg8 48. Qe2 Qb1+ 0-1

[Event "Bundesliga 9596"]
[Site "Deutschland"]
[Date "1996.??.??"]
[Round "?.4"]
[White "Schmidt, Peter"]
[Black "Bischoff, Klaus"]
[Result "1-0"]
[WhiteElo "2405"]
[BlackElo "2520"]
[PlyCount "91"]
[EventDate "1995.10.??"]
[EventType "team"]
[EventRounds "15"]
[EventCountry "GER"]
[SourceTitle "Bundesliga 9596"]
[Source "DeepChess"]
[SourceDate "2005.01.01"]
[SourceVersion "1"]
[SourceVersionDate "2005.01.01"]
[SourceQuality "1"]
[WhiteTeam "SK Passau 1869"]
[BlackTeam "SG 1868 Aljech. Solingen"]
[WhiteTeamCountry "GER"]
[BlackTeamCountry "GER"]

1. Nf3 Nf6 2. c4 g6 3. d4 Bg7 4. Nc3 O-O 5. e4 d6 6. Be2 Nbd7 7. O-O e5 8. Re1
c6 9. Bf1 Ne8 10. b3 a6 11. Bb2 Rb8 12. Qd2 b5 13. c5 dxc5 14. dxc5 Qe7 15.
Rac1 Bf6 16. Nd1 Ng7 17. Ne3 h5 18. Red1 Ne6 19. Qd6 Nd4 20. Nxd4 Qxd6 21. cxd6
exd4 22. Bxd4 Bxd4 23. Rxd4 c5 24. Rdd1 Re8 25. g3 Rxe4 26. Bg2 Re6 27. Bc6 Kf8
28. Bxd7 Bxd7 29. Rxc5 Rb6 30. Rcd5 Ke8 31. R5d2 Kd8 32. Nc2 Re4 33. f3 Re5 34.
Kf2 Rc5 35. Nb4 Be6 36. Nd3 Rd5 37. Nf4 Rxd2+ 38. Rxd2 Bf5 39. h3 Bc8 40. Ke3
Kd7 41. Nd5 Rc6 42. Nf6+ Kd8 43. g4 h4 44. Kf4 Bb7 45. Ne4 Rc1 46. Ng5 1-0

[Event "Bundesliga 9596"]
[Site "Deutschland"]
[Date "1996.??.??"]
[Round "?.5"]
[White "Lau, Ralf"]
[Black "Pichler, Juergen"]
[Result "1-0"]
[WhiteElo "2495"]
[BlackElo "2420"]
[PlyCount "97"]
[EventDate "1995.10.??"]
[EventType "team"]
[EventRounds "15"]
[EventCountry "GER"]
[SourceTitle "Bundesliga 9596"]
[Source "DeepChess"]
[SourceDate "2005.01.01"]
[SourceVersion "1"]
[SourceVersionDate "2005.01.01"]
[SourceQuality "1"]
[WhiteTeam "SG 1868 Aljech. Solingen"]
[BlackTeam "SK Passau 1869"]
[WhiteTeamCountry "GER"]
[BlackTeamCountry "GER"]

1. e4 e6 2. d4 d5 3. Nc3 Bb4 4. exd5 exd5 5. Bd3 Nc6 6. a3 Be7 7. Nce2 Bf6 8.
c3 Nge7 9. Ng3 Ng6 10. N1e2 O-O 11. O-O Bh4 12. Qc2 Nce7 13. f3 Bxg3 14. Nxg3
Qd6 15. Nh5 c5 16. dxc5 Qxc5+ 17. Qf2 Qd6 18. Be3 b6 19. Bd4 Bf5 20. Be2 f6 21.
Rad1 Rad8 22. Rd2 Ne5 23. Rfd1 Qc7 24. Qg3 Bg6 25. Nf4 Bf7 26. Bf2 Qc8 27. Bf1
Qf5 28. c4 h5 29. Nxd5 Bxd5 30. cxd5 g5 31. h4 N7g6 32. Rd4 Kh8 33. Qh2 gxh4
34. Bxh4 Rg8 35. Bg3 Rd7 36. f4 Nf3+ 37. gxf3 h4 38. Bh3 hxg3 39. Qg2 Qh5 40.
Bxd7 f5 41. Qh1 Nh4 42. R4d3 Qh6 43. Bxf5 Qxf4 44. Qh3 g2 45. Bg4 Qg5 46. d6
Re8 47. f4 Qc5+ 48. Kh2 Qf2 49. Qxh4+ 1-0

[Event "Bundesliga 9596"]
[Site "Deutschland"]
[Date "1996.??.??"]
[Round "?.6"]
[White "Baumhus, Reinhard"]
[Black "Reeh, Oliver"]
[Result "1/2-1/2"]
[WhiteElo "2360"]
[BlackElo "2450"]
[PlyCount "83"]
[EventDate "1995.10.??"]
[EventType "team"]
[EventRounds "15"]
[EventCountry "GER"]
[SourceTitle "Bundesliga 9596"]
[Source "DeepChess"]
[SourceDate "2005.01.01"]
[SourceVersion "1"]
[SourceVersionDate "2005.01.01"]
[SourceQuality "1"]
[WhiteTeam "SK Passau 1869"]
[BlackTeam "SG 1868 Aljech. Solingen"]
[WhiteTeamCountry "GER"]
[BlackTeamCountry "GER"]

1. e4 g6 2. d4 Bg7 3. Nc3 d6 4. Nge2 Nf6 5. g3 O-O 6. Bg2 Na6 7. h3 c5 8. Be3
cxd4 9. Bxd4 e5 10. Be3 Nc7 11. a4 Be6 12. f4 d5 13. fxe5 Nxe4 14. Nxe4 dxe4
15. Qxd8 Rfxd8 16. Bf4 Nd5 17. Bxe4 Nxf4 18. gxf4 f6 19. exf6 Bxf6 20. Kf2 Rac8
21. Rad1 Rxd1 22. Rxd1 Bxh3 23. b3 b6 24. c4 Rc7 25. Kg3 Re7 26. Bd5+ Kg7 27.
Kxh3 Rxe2 28. Bf3 Re7 29. Rd2 Bc3 30. Re2 Rd7 31. Bd5 Bb4 32. Re6 Re7 33. Kg4
Rxe6 34. Bxe6 Kf6 35. Bd5 Bc5 36. Bc6 h5+ 37. Kf3 g5 38. fxg5+ Kxg5 39. Kg3 a5
40. Bf3 h4+ 41. Kh3 Kf4 42. Bc6 1/2-1/2

[Event "Bundesliga 9596"]
[Site "Deutschland"]
[Date "1996.??.??"]
[Round "?.7"]
[White "Podzielny, Karl Heinz"]
[Black "Goetz, Ralph"]
[Result "1-0"]
[WhiteElo "2465"]
[BlackElo "2335"]
[PlyCount "69"]
[EventDate "1995.10.??"]
[EventType "team"]
[EventRounds "15"]
[EventCountry "GER"]
[SourceTitle "Bundesliga 9596"]
[Source "DeepChess"]
[SourceDate "2005.01.01"]
[SourceVersion "1"]
[SourceVersionDate "2005.01.01"]
[SourceQuality "1"]
[WhiteTeam "SG 1868 Aljech. Solingen"]
[BlackTeam "SK Passau 1869"]
[WhiteTeamCountry "GER"]
[BlackTeamCountry "GER"]

1. d4 Nf6 2. Nf3 g6 3. c4 Bg7 4. Nc3 d5 5. Bg5 Ne4 6. cxd5 Nxg5 7. Nxg5 e6 8.
Nf3 exd5 9. b4 Qd6 10. a3 O-O 11. e3 c6 12. Be2 Bg4 13. O-O Nd7 14. b5 Bxf3 15.
Bxf3 f5 16. Qb3 Kh8 17. Qb4 Qe6 18. Rac1 f4 19. e4 dxe4 20. Nxe4 cxb5 21. Qxb5
Nb6 22. Nc5 Qf5 23. Rfd1 Rad8 24. Qb4 Rf7 25. Nxb7 Nd5 26. Bxd5 Rxd5 27. Nd6
Rxd6 28. Qxd6 f3 29. Rc5 Qg4 30. Qg3 Qd7 31. d5 Bf8 32. d6 Qa4 33. Qe5+ Kg8 34.
Qd4 Qxa3 35. Rc8 1-0

[Event "Bundesliga 9596"]
[Site "Deutschland"]
[Date "1996.??.??"]
[Round "?.8"]
[White "Schlingensiepen, Christian"]
[Black "Zysk, Robert"]
[Result "1/2-1/2"]
[WhiteElo "2305"]
[BlackElo "2440"]
[PlyCount "120"]
[EventDate "1995.10.??"]
[EventType "team"]
[EventRounds "15"]
[EventCountry "GER"]
[SourceTitle "Bundesliga 9596"]
[Source "DeepChess"]
[SourceDate "2005.01.01"]
[SourceVersion "1"]
[SourceVersionDate "2005.01.01"]
[SourceQuality "1"]
[WhiteTeam "SK Passau 1869"]
[BlackTeam "SG 1868 Aljech. Solingen"]
[WhiteTeamCountry "GER"]
[BlackTeamCountry "GER"]

1. e4 e6 2. d4 d5 3. Nd2 c5 4. Ngf3 Nf6 5. exd5 exd5 6. Bb5+ Bd7 7. Qe2+ Be7 8.
O-O O-O 9. dxc5 Bxc5 10. Bxd7 Nbxd7 11. Nb3 Re8 12. Qd3 Bb6 13. c3 Qc7 14. Bg5
Re4 15. Bh4 Ne5 16. Nxe5 Rxh4 17. Nf3 Re4 18. Nbd4 Rae8 19. g3 g6 20. Rad1 Qd7
21. Kg2 a6 22. Qd2 Kg7 23. Ng5 R4e5 24. Rfe1 Ne4 25. Rxe4 Rxe4 26. Nxe4 dxe4
27. Qe2 h5 28. Nc2 Qe6 29. Nb4 h4 30. Nd5 hxg3 31. hxg3 e3 32. Nxe3 Rh8 33. Qg4
Qxa2 34. Rd7 Bxe3 35. fxe3 Qxb2+ 36. Kf3 Qxc3 37. Rxb7 Qc6+ 38. Qe4 Qf6+ 39.
Kg2 Rd8 40. Qc2 Qe5 41. Rb3 Re8 42. Qc4 Qe4+ 43. Qxe4 Rxe4 44. Ra3 Re6 45. Kf3
Kf6 46. g4 Ke7 47. g5 f6 48. gxf6+ Kxf6 49. Ra5 Ke7 50. e4 Kd7 51. e5 Rb6 52.
Kf4 Kc7 53. Kg5 Rc6 54. Kh6 Kb6 55. Rd5 a5 56. Kg7 a4 57. Kf7 Rc7+ 58. Kxg6 Rc5
59. Rxc5 Kxc5 60. e6 a3 1/2-1/2